01226nam a22002777a 45000010005000000030006000050050017000110080041000280200018000690400029000870500009001160820008001251000022001332450048001552500026002032600053002293000048002824900025003305050008003555200450003635210029008135210020008426500030008626500025008927000031009175203FISKH20241119085748.0241119b cb ||||| |||| 00| 0 eng d a9780860206538 aFISKHbengcFISKHdFISKH aQH48 a508 aMitchell, Andrew  aThe Young Naturalist /cby Andrew Mitchell aFirst publish in 1982 aLondon :bUsborne Publishing Ltd ;c1989, 1982 . a32 pages : bcolor illustrations ;c28 cm . aUsborne Hobby Guides aU  aThe Usborne Young Naturalist is an introduction to nature study for complete beginners. There is much more to being a naturalist than simply collecting and identifying animals and plants. This book shows how to set about collecting, observing and experimenting in the natural world. There are lots of activities and projects to do and ideas for going further. This book is an ideal starting point for anyone who wants to take up a fun new hobby.8 a820 bLexile estimate 8 aU bRaz-Plus  anature studyvnon-fiction abiologyvnon-fiction aJackson, Ian eillustrator